| 000 | 00481nam a22001937a 4500 | ||
|---|---|---|---|
| 003 | OSt | ||
| 005 | 20140310182247.0 | ||
| 008 | 121117t xxu||||| |||| 00| 0 eng d | ||
| 020 | _a0734403194 | ||
| 050 |
_aPZ 7 _b.St795 2002 |
||
| 082 |
_aFIC _bSt1 2002 |
||
| 100 |
_aStarke, Ruth _96718 |
||
| 245 |
_aStar struck / _cRuth Starke. |
||
| 260 |
_aAustralia : _bLothian, _c2002. |
||
| 300 |
_a96 p. : _c19 cm |
||
| 650 |
_aFiction. _9746 |
||
| 942 |
_2lcc _cBK-FIC |
||
| 999 |
_c11270 _d11270 |
||